Julian Klaczko... (Record no. 16597)
[ view plain ]
| 000 -LEADER | |
|---|---|
| fixed length control field | 00617cam a22002171 4500 |
| 001 - CONTROL NUMBER | |
| control field | ca 30000263 |
| 003 - CONTROL NUMBER IDENTIFIER | |
| control field | DLC |
| 005 - DATE AND TIME OF LATEST TRANSACTION | |
| control field | 20260227111122.0 |
| 008 - FIXED-LENGTH DATA ELEMENTS--GENERAL INFORMATION | |
| fixed length control field | 870316s1909 pl 000 0 pol |
| 010 ## - LIBRARY OF CONGRESS CONTROL NUMBER | |
| LC control number | ca 30000263 |
| 035 ## - SYSTEM CONTROL NUMBER | |
| System control number | (OCoLC)15322232 |
| 040 ## - CATALOGING SOURCE | |
| Original cataloging agency | DLC |
| Transcribing agency | CoU |
| Modifying agency | CoU |
| -- | DLC |
| 042 ## - AUTHENTICATION CODE | |
| Authentication code | premarc |
| 050 00 - LIBRARY OF CONGRESS CALL NUMBER | |
| Classification number | PG7158.K5 |
| Item number | T3 |
| 100 1# - MAIN ENTRY--PERSONAL NAME | |
| Personal name | Tarnowski, Stanisław, |
| Titles and words associated with a name | hrabia, |
| Dates associated with a name | 1837-1917. |
| 245 10 - TITLE STATEMENT | |
| Title | Julian Klaczko... |
| 260 ## - PUBLICATION, DISTRIBUTION, ETC. | |
| Place of publication, distribution, etc. | W Krakowie, |
| Name of publisher, distributor, etc. | Crukarnia "Czasu," |
| Date of publication, distribution, etc. | 1909. |
| 300 ## - PHYSICAL DESCRIPTION | |
| Extent | 2 v. |
| Other physical details | fronts., ports. |
| Dimensions | 23 cm. |
| 500 ## - GENERAL NOTE | |
| General note | At head of title: St. Tarnowski. |
| 600 10 - SUBJECT ADDED ENTRY--PERSONAL NAME | |
| Personal name | Klaczko, Juljan, |
| Dates associated with a name | 1828-1906. |
No items available.